000 02381nam a22005297a 4500
003 AR-RoUNA
005 20251013091006.0
008 251008b |||||||| |||| 00| 0 spa d
020 _a9789507223389
040 _aAR-RoUNA
_bspa
_dAR-RoUNA
041 _aspa
_hger
044 _aag
100 1 _aKandinsky, Wassily
_d1866-1944
_9654
245 1 0 _aSobre lo espiritual en el arte /
_cWassily Kandinsky; traduccion al español por Melina Trento
246 _aUber das Geistige in der Kunst
250 _a4a. ed.
260 _aBuenos Aires:
_bAndromeda,
_c2012
300 _a142 p.:
_c20x13 cm
505 0 _tINDICE
505 0 _tAnálisis del contexto e introducción a la obra. p. 9
505 0 _aLa personalidad en palabras. p.14
505 0 _tApuntes sobre el autor. p. 16
505 0 _aUn líder polémico en el arte bolchevique. p. 16
505 0 _aDistorsiones sensoriales fundamentales. p. 18
505 0 _aHoja de ruta para la lectura de este libro. p. 21
505 0 _tKandinsky o la devastación de la materia. p. 25
505 0 _tIntroducción. p. 29
505 0 _tI. El movimiento. p. 37
505 0 _tII. El viraje en el rumbo espiritual. p. 43
505 0 _tIII. La piramide. p. 59
505 0 _tIV. Los efectos del color. p. 63
505 0 _tV. El idioma de las formas y los colores. p. 69
505 0 _tVI. Teoría. p. 111
505 0 _tVII. La obra de arte y el artista. p. 127
505 0 _tEpilogo. p. 133
520 3 _aSobre lo espiritual en el arte condensa las premisas fundamentales que conducen al rumbo de la representación abstracta. El texto declara la hegemonía del espíritu en el arte y, desde esa certeza, desprende el desmantelamiento de la realidad tangible y positiva. EL libro se enuncia como teoría sustentadora del movimiento pictórico que deslumbraría al siglo XX: la abstracción como atributo trascendente y expresión auténtica del espíritu. Es un manifiesto intuitivo, tejido por la ebullición que en los albores del siglo precedía los virajes del arte.
650 4 _aArte
650 4 _aPintura
_xColor
650 4 _aLenguaje de las formas
650 4 _aFilosofia
_xTeoria
700 _aTrento, Meliana
_etra
_927451
908 _aImp
930 _e12261
942 _2ddc
_cLIB
945 _aMIA
_d2025-10-08
980 _61
_aMaricel Allasia
_85
_gMaría Machado
999 _c12165
_d12165